| 000 | 00465nam a2200181 i 4500 | ||
|---|---|---|---|
| 001 | 125404 | ||
| 003 | ES-MaACL | ||
| 005 | 20230906192624.0 | ||
| 007 | t| | ||
| 008 | 070608s1967 sp ||||1| spa d | ||
| 080 | _a03=60 | ||
| 245 | 0 | 0 | _aDiccionario enciclopédico Salvat. |
| 260 |
_aBarcelona : _bSalvat, _c[1967] |
||
| 300 |
_a1 v. ; _c30 cm. |
||
| 505 | 8 | _aContiene: T. 1: A-Com | |
| 650 |
_aEnciclopedias. _912235 |
||
| 852 |
_aES-MaACL _jP-1231 _bR.62453 |
||
| 999 |
_c125404 _d125404 |
||